El almohadón de plumas ; La insolación / (Record no. 164170)

MARC details
000 -CABECERA
campo de control de longitud fija 00746nam a2200241 u 4500
005 - FECHA Y HORA DE LA ÚLTIMA TRANSACCIÓN
campo de control 20220903184834.0
008 - ELEMENTOS DE LONGITUD FIJA--INFORMACIÓN GENERAL
campo de control de longitud fija 130808s2011 ag r 000 0 spa d
020 ## - NÚMERO INTERNACIONAL NORMALIZADO PARA LIBROS
Número Internacional Estándar del Libro 9789781306350
035 ## - NÚMERO DE CONTROL DEL SISTEMA
Número de control de sistema UPN01000192067
049 ## - COLECCIÓN
Colección CG
050 #4 - SIGNATURA TOPOGRÁFICA DE LA BIBLIOTECA DEL CONGRESO
Número de clasificación PQ8519 Q5
Número de documento/Ítem A4.5
100 1# - ASIENTO PRINCIPAL--NOMBRE PERSONAL
Nombre de persona Quiroga, Horacio,
Fechas asociadas al nombre 1878-1937
9 (RLIN) 29892
245 13 - MENCIÓN DE TÍTULO
Título El almohadón de plumas ; La insolación /
Mención de responsabilidad, etc. Horacio Quiroga ; il. Christian G. Angriman.
260 ## - PUBLICACIÓN, DISTRIBUCIÓN, ETC.
Lugar de publicación, distribución, etc. Buenos Aires :
Nombre del editor, distribuidor, etc. Andrés Bello,
Fecha de publicación, distribución, etc. 2011.
300 ## - DESCRIPCIÓN FÍSICA
Extensión [74] p. :
Otras características físicas principalmente il.
440 #0 - MENCIÓN DE SERIE/ASIENTO SECUNDARIO--TÍTULO
Título Novela gráfica
650 #0 - ASIENTO SECUNDARIO DE MATERIA - TERMINO TEMATICO
Término de materia o nombre geográfico como elemento de entrada Novela uruguaya
9 (RLIN) 5074
650 #7 - ASIENTO SECUNDARIO DE MATERIA - TERMINO TEMATICO
Término de materia o nombre geográfico como elemento de entrada Literatura uruguaya
Fuente del encabezamiento o término
9 (RLIN) 5065
700 1# - ASIENTO SECUNDARIO--NOMBRE DE PERSONAL
Nombre de persona Angriman, Christian G.,
Término indicativo de función/relación il.
740 3# - ASIENTO SECUNDARIO - TÍTULOS RELACIONADOS /ANALITICOS NO CONTROLADOS
Título relacionado o analítico no controlado La insolación
905 ## - TIPO DE MATERIAL
Tipo de material Libro
Holdings
Estado de retiro Estado de pérdida Fuente del sistema de clasificación o colocación Estado dañado No para préstamo Código de colección Localización permanente Ubicación/localización actual Ubicación en estantería Total de préstamos Clasificación Código de barras Fecha visto por última vez Número de copia Tipo de ítem Koha
    Library of Congress Classification     Colección General Bib. Gregorio Torres Quintero Bib. Gregorio Torres Quintero Planta baja 1 PQ8519 Q5 A4.5 289935 14/10/2021 1 Libro